[Event "Dortmund op-A"]
[Site "Dortmund"]
[Date "1992.??.??"]
[Round "5"]
[White "Sakaev, Konstantin"]
[Black "Ftacnik, Lubomir"]
[Result "1/2-1/2"]
[WhiteElo "2500"]
[BlackElo "2550"]

1.d4 Nf6 2.c4 g6 3.Nc3 d5 4.cxd5 Nxd5 5.e4 Nxc3 6.bxc3 Bg7 7.Nf3 c5 8.Rb1 O-O
9.Be2 Nc6 10.d5 Ne5 11.Nxe5 Bxe5 12.Qd2 b6 13.f4 Bg7 14.c4 e5 15.O-O exf4
16.Qxf4 Qe7 17.Bb2 Bd7 18.Bd3 Bxb2 19.Rxb2 f6 20.Bc2 Rae8 21.Re1 Qe5 22.Qxe5 Rxe5
23.a4 f5 24.a5 fxe4 25.axb6 axb6 26.Rxe4 Rxe4 27.Bxe4 Rf6 28.Ra2 b5 29.Ra7 Be8
30.cxb5  1/2-1/2

[Event "Dortmund op-A"]
[Site "Dortmund"]
[Date "1992.??.??"]
[Round "5"]
[White "Kishnev, Sergey"]
[Black "Levin, Felix"]
[Result "1/2-1/2"]
[WhiteElo "2540"]
[BlackElo "2445"]

1.d4 Nf6 2.c4 g6 3.Nc3 d5 4.cxd5 Nxd5 5.e4 Nxc3 6.bxc3 Bg7 7.Bc4 c5 8.Ne2 Nc6
9.Be3 O-O 10.Rc1 cxd4 11.cxd4 Qa5+ 12.Kf1 Bd7 13.h4 Rfc8 14.h5 e5 15.Bd2 Qb6
16.Rb1 Qc7 17.hxg6 hxg6 18.Qb3 Nd8 19.Rc1 Qb6 20.dxe5 Qxb3 21.axb3 Bxe5 22.f4 Bg7
23.Nc3 Rab8 24.Nd5 b5 25.Bd3 Rxc1+ 26.Bxc1 Be6 27.f5 gxf5 28.Ne7+ Kf8 29.Nxf5 Bxf5
30.exf5 Nc6 31.Bg5 Ne5 32.Ke2 Nxd3 33.Kxd3 Bb2 34.b4 Rc8 35.Be3 Rc3+ 36.Ke4 Rc4+
37.Kd5 a6 38.Rh6 Kg7 39.Rxa6 Rxb4 40.Bh6+ Kh7 41.Bf8 Rf4 42.g4 Rxg4 43.Rb6 Rf4
44.Rxb5 Rxf5+ 45.Kc4 Be5 46.Kd3 Kg6 47.Ke2 f6 48.Rd5 Kf7 49.Bh6 Rh5 50.Bf4 Ke6
51.Rb5 Rh3 52.Bxe5 fxe5 53.Ra5 Kf5 54.Ra4  1/2-1/2

[Event "Dortmund op-A"]
[Site "Dortmund"]
[Date "1992.??.??"]
[Round "7"]
[White "Trisic, Alexandar"]
[Black "Schirm, Friedmar"]
[Result "0-1"]
[WhiteElo "2220"]
[BlackElo "2310"]

1.d4 Nf6 2.c4 g6 3.Nc3 d5 4.cxd5 Nxd5 5.e4 Nxc3 6.bxc3 Bg7 7.Nf3 c5 8.Rb1 O-O
9.Be2 Nc6 10.d5 Ne5 11.Nxe5 Bxe5 12.Qd2 b6 13.f4 Bg7 14.O-O e6 15.d6 e5 16.f5 Bb7
17.Bd3 gxf5 18.exf5 e4 19.Be2 Qf6 20.Qf4 Rad8 21.Qg4 h6 22.Bf4 Kh7 23.Rb3 Rg8
24.Qh5 Bf8 25.Bc4 Rg7 26.Bg3 e3 27.Rb2 Qxc3 28.Qe2 Qf6 29.Rb3 Bxd6 30.Rxe3 Rdg8
31.Qf2 Rg5 32.Rd1 Bxg3 33.hxg3 Bc6 34.Qe1 R8g7 35.Rd2 Rg4 36.Bd3 Rd4 37.Qa1 Rg8
38.Be4 Bxe4 39.Rxe4 Rgd8 40.Rdxd4 Rxd4 41.Rf4 Qd6 42.Rxd4 Qxd4+ 43.Qxd4 cxd4
44.Kf2 Kg7 45.Kf3 Kf6 46.g4 Ke5 47.g3 b5 48.Ke2 Ke4 49.Kd2 a5 50.f6 b4 51.Ke2 a4
52.Kd2 b3 53.a3 d3 54.Kc3 Ke3  0-1

[Event "Dortmund op-A"]
[Site "Dortmund"]
[Date "1992.??.??"]
[Round "8"]
[White "Ftacnik, Lubomir"]
[Black "Krasenkow, Michal"]
[Result "1-0"]
[WhiteElo "2550"]
[BlackElo "2495"]

1.d4 Nf6 2.c4 g6 3.Nc3 d5 4.cxd5 Nxd5 5.e4 Nxc3 6.bxc3 Bg7 7.Bc4 c5 8.Ne2 Nc6
9.Be3 O-O 10.Rc1 Na5 11.Bd3 e5 12.d5 b6 13.O-O f5 14.f3 f4 15.Bd2 c4 16.Bc2 h5
17.g3 g5 18.Kh1 Kh8 19.Qe1 Qf6 20.Qf2 Bh3 21.Rg1 Rf7 22.gxf4 gxf4 23.Nxf4 exf4
24.e5 Qxe5 25.Qh4 Bf5 26.Qxh5+ Kg8 27.Bxf5 Qxf5 28.Rxg7+ Kxg7 29.Rg1+ Kf8
30.Qh8+ Ke7 31.Qxa8 Kd6 32.Bc1 Rb7 33.Ba3+ Kxd5 34.Qe8  1-0

[Event "Dortmund op-A"]
[Site "Dortmund"]
[Date "1992.??.??"]
[Round "9"]
[White "Knaak, Rainer"]
[Black "Stohl, Igor"]
[Result "1-0"]
[WhiteElo "2505"]
[BlackElo "2560"]

1.d4 Nf6 2.c4 g6 3.Nc3 d5 4.cxd5 Nxd5 5.e4 Nxc3 6.bxc3 Bg7 7.Bc4 O-O 8.Be3 c5
9.Ne2 Nc6 10.Rc1 Na5 11.Bd3 e5 12.dxe5 b6 13.f4 Be6 14.O-O Bxa2 15.c4 Bb3
16.Qd2 Qd7 17.Rc3 Rad8 18.Qb2 Qxd3 19.Rxd3 Rxd3 20.Bf2 Nxc4 21.Qb1 Rfd8 22.Bd4 R3xd4
23.Qxb3 Nd2 24.Qa2 Nxf1 25.Nxd4 Rxd4 26.Kxf1 Rxe4 27.g3 a5 28.Qd5 Rb4 29.h4 h5
30.Kg2 a4 31.e6 fxe6 32.Qxe6+ Kh7 33.f5 gxf5 34.Qxf5+ Kg8 35.Qxh5 c4 36.Qe8+ Kh7
37.h5 a3 38.Qe4+ Kh8 39.Qa8+ Kh7 40.Qe4+ Kh8 41.Qe8+ Kh7 42.Qg6+ Kh8 43.h6 Bc3
44.Qf7 Rb5 45.Qe8+ Kh7 46.Qd7+ Kh8 47.Qxb5 a2 48.Qe8+ Kh7 49.Qe4+  1-0

[Event "Wch U16"]
[Site "Duisburg"]
[Date "1992.??.??"]
[Round "6"]
[White "Pelletier, Yannick"]
[Black "Jha, S."]
[Result "1-0"]
[WhiteElo "2215"]
[BlackElo "2310"]

1.d4 Nf6 2.c4 g6 3.Nc3 d5 4.cxd5 Nxd5 5.e4 Nxc3 6.bxc3 Bg7 7.Nf3 c5 8.Rb1 O-O
9.Be2 Nc6 10.d5 Bxc3+ 11.Bd2 Bxd2+ 12.Qxd2 Nd4 13.Nxd4 cxd4 14.Qxd4 e6 15.O-O exd5
16.exd5 b6 17.h4 Bb7 18.Bc4 Qd6 19.h5 Rfe8 20.f4 Rac8 21.hxg6 hxg6 22.Rbd1 f5
23.Rfe1 Kf8 24.Re5 a6 25.Bb3 Rc7 26.Rde1 Rxe5 27.fxe5 Qc5 28.Qxc5+ Rxc5 29.d6 Be4
30.Rd1 Ke8 31.Bf7+ Kd8 32.e6 Bc6 33.e7+ Kc8 34.Be6+  1-0

[Event "Eger Agria"]
[Site "Eger"]
[Date "1992.??.??"]
[Round "?"]
[White "Brglez, Rado"]
[Black "Kaposztas, Miklos"]
[Result "1-0"]
[WhiteElo "2260"]
[BlackElo "2295"]

1.d4 g6 2.c4 Nf6 3.Nc3 d5 4.cxd5 Nxd5 5.e4 Nxc3 6.bxc3 Bg7 7.Nf3 O-O 8.Be2 c5
9.Rb1 b6 10.O-O Bb7 11.Qd3 cxd4 12.cxd4 Ba6 13.Qe3 Bxe2 14.Qxe2 Nc6 15.d5 Nd4
16.Nxd4 Bxd4 17.Rd1 Bg7 18.Bb2 Bxb2 19.Rxb2 Rc8 20.Rbd2 Rc5 21.h4 Qd7 22.h5 Rfc8
23.h6 Rc1 24.e5 Rxd1+ 25.Rxd1 Qf5 26.d6 exd6 27.exd6 Qe6 28.Qd2 Rd8 29.Re1 Qf6
30.d7 Rf8 31.Re8 Qa1+ 32.Kh2  1-0

[Event "Eger op"]
[Site "Eger"]
[Date "1992.??.??"]
[Round "?"]
[White "Roemer, Uli"]
[Black "Abdullah, M."]
[Result "0-1"]
[WhiteElo "2260"]
[BlackElo "2280"]

1.d4 Nf6 2.c4 g6 3.Nc3 d5 4.cxd5 Nxd5 5.e4 Nxc3 6.bxc3 Bg7 7.Bc4 c5 8.Ne2 O-O
9.O-O cxd4 10.cxd4 Nc6 11.Be3 Na5 12.Bd3 b6 13.Rc1 e6 14.Qd2 Bb7 15.Bh6 Bxh6
16.Qxh6 Qe7 17.h4 Rfd8 18.Rfd1 Rac8 19.e5 Nc6 20.Nf4 Qf8 21.Qg5 Qg7 22.Be4 h6
23.Qg3 Rxd4 24.Rxd4 Nxd4 25.Rxc8+ Bxc8 26.Qc3 Qxe5 27.Qxc8+ Kg7 28.Nxg6 Qxe4
29.Ne7 Qe1+ 30.Kh2 Qxf2 31.Kh3 Ne2 32.Qg8+ Kf6  0-1

[Event "Elenite"]
[Site "Elenite"]
[Date "1992.??.??"]
[Round "3"]
[White "Razuvaev, Yuri S"]
[Black "Stohl, Igor"]
[Result "1/2-1/2"]
[WhiteElo "2565"]
[BlackElo "2560"]

1.d4 Nf6 2.c4 g6 3.Nc3 d5 4.cxd5 Nxd5 5.e4 Nxc3 6.bxc3 Bg7 7.Bc4 O-O 8.Ne2 Nc6
9.O-O e5 10.d5 Na5 11.Bd3 b6 12.c4 Nb7 13.Nc3 Bd7 14.Bc2 f5 15.Ba4 Rf7 16.Ba3 Nd6
17.Bxd7 Qxd7 18.c5 Nxe4 19.Nxe4 fxe4 20.Qb3  1/2-1/2

[Event "Erkelmem op"]
[Site "Erkelmem"]
[Date "1992.??.??"]
[Round "?"]
[White "Mester, Gyula"]
[Black "Menyhart, Tibor"]
[Result "1/2-1/2"]
[WhiteElo "2315"]
[BlackElo "2220"]

1.d4 Nf6 2.c4 g6 3.Nc3 d5 4.cxd5 Nxd5 5.e4 Nxc3 6.bxc3 Bg7 7.Bc4 O-O 8.Ne2 c5
9.O-O Nc6 10.Be3 cxd4 11.cxd4 Bg4 12.f3 Na5 13.Bxf7+ Rxf7 14.fxg4 Rxf1+ 15.Kxf1 Qd7
16.h3 Qe6 17.Qd3 Qc4 18.Qd2 Qa6 19.Qb4 Rf8+ 20.Ke1 Qd3 21.Bg1 Qxe4 22.Qxa5 Qxg2
23.Kd2 Qxh3 24.Qd5+ Kh8 25.g5 e5 26.dxe5 Qf5 27.Bd4 Qxg5+ 28.Kc2 Rc8+ 29.Kb3 Rd8
30.Qe4 a5 31.Rc1 b5 32.Rc7 Qd2 33.Bc3 Qd1+ 34.Kb2 b4 35.Bd4 a4 36.Qc2 Qxc2+
37.Kxc2 h5 38.Ba1 g5 39.Ng3 Re8 40.Nxh5 Bxe5 41.Nf6  1/2-1/2

[Event "Erkelmem op"]
[Site "Erkelmem"]
[Date "1992.??.??"]
[Round "?"]
[White "Emodi, Barnabas"]
[Black "Brhlik, Gyorgy"]
[Result "1-0"]
[WhiteElo "2215"]
[BlackElo "2245"]

1.d4 Nf6 2.c4 g6 3.Nc3 d5 4.cxd5 Nxd5 5.e4 Nxc3 6.bxc3 Bg7 7.Bc4 c5 8.Ne2 O-O
9.O-O Nc6 10.Be3 Qc7 11.Rc1 Rd8 12.Bf4 Qd7 13.d5 Na5 14.Bb3 b6 15.c4 Ba6
16.Qd2 e5 17.Bh6 Nb7 18.Bxg7 Kxg7 19.f4 Qe7 20.Qc3 f6 21.fxe5 Qxe5 22.Nf4 Kg8
23.Ne6 Rd7 24.Rxf6 Qxc3 25.Rxc3 Nd6 26.Rcf3 Rf7 27.Rxf7 Nxf7 28.Nc7 Bb7 29.Nxa8 Bxa8
30.Rf6 Bb7 31.Re6 Ba6 32.Re7 Nd6 33.e5 Nxc4 34.Rxa7 Bb5 35.d6 Kf8 36.a4 Nd2
37.axb5 Nxb3 38.e6  1-0

[Event "ESP-chT"]
[Site "?"]
[Date "1992.??.??"]
[Round "?"]
[White "Gomez Esteban, Juan Mario"]
[Black "Serra Olives, Tomas"]
[Result "1-0"]
[WhiteElo "2425"]
[BlackElo "2290"]

1.d4 Nf6 2.c4 g6 3.Nc3 d5 4.cxd5 Nxd5 5.e4 Nxc3 6.bxc3 Bg7 7.Nf3 c5 8.Be2 O-O
9.Rb1 Nc6 10.d5 Bxc3+ 11.Bd2 Bxd2+ 12.Qxd2 Nd4 13.Nxd4 cxd4 14.Qxd4 Qa5+
15.Qd2 Qxd2+ 16.Kxd2 e6 17.Bc4 Rd8 18.Ke3 e5 19.Rhc1 f5 20.f3 Kf8 21.Bb3 Ke7
22.Rc7+ Rd7 23.Rbc1 Kd8 24.d6 f4+ 25.Kf2 Rxd6 26.Rxh7 Bd7 27.Rh8+ Be8 28.Ba4 Re6
29.Bxe8 Rxe8 30.Rh7 Rb8 31.Rcc7 Re6 32.Rcd7+ Kc8 33.Rdg7 Rd6 34.Rg8+ Rd8
35.Rxg6 Rd7 36.Rg8+ Rd8  1-0

[Event "Espoo op"]
[Site "Espoo"]
[Date "1992.??.??"]
[Round "?"]
[White "Norri, Joose"]
[Black "Malisauskas, Vidmantas"]
[Result "0-1"]
[WhiteElo "2395"]
[BlackElo "2490"]

1.d4 Nf6 2.c4 g6 3.Nc3 d5 4.cxd5 Nxd5 5.e4 Nxc3 6.bxc3 Bg7 7.Bc4 c5 8.Ne2 O-O
9.O-O Nc6 10.Be3 Bg4 11.f3 Na5 12.Bd5 Bd7 13.Bg5 Bb5 14.Rb1 Ba6 15.f4 cxd4
16.cxd4 Qd7 17.f5 e6 18.f6 exd5 19.fxg7 Rfe8 20.Bf6 Rxe4 21.Rf2 Rae8 22.Ng3 R4e6
23.Rf3 Nc4 24.h4 Qc7 25.Nf1 Qa5 26.Qb3 Re2 27.a4 Nd2 28.Nxd2 Qxd2 29.Rg3 Re1+
30.Kh2 Rxb1 31.Qxb1 Re1 32.Qb3 Qc1 33.Rf3 Rh1+ 34.Kg3 Qe1+ 35.Rf2 Rf1 36.Qf3 Bd3
37.Qf4 Qxf2+ 38.Qxf2 Rxf2 39.Kxf2 a5 40.Ke3 Bc2 41.Bd8 Bxa4 42.Bxa5 Kxg7
43.Kf4 Kf6 44.Bd8+ Ke6 45.Bb6 f6 46.g3 h6 47.Bc5 g5+ 48.hxg5 fxg5+ 49.Ke3 Kf5
50.Bf8 h5 51.Be7 Kg4 52.Bd6 Bc2 53.Bc7 b5 54.Bd6 Be4 55.Kf2 h4 56.gxh4 gxh4
57.Ke3 h3 58.Kf2 b4  0-1

[Event "Forli op"]
[Site "Forli"]
[Date "1992.??.??"]
[Round "4"]
[White "Giorgadze, Giorgi"]
[Black "Tocchioni, Doriano"]
[Result "1-0"]
[WhiteElo "2525"]
[BlackElo "2240"]

1.d4 Nf6 2.c4 g6 3.Nc3 d5 4.cxd5 Nxd5 5.e4 Nxc3 6.bxc3 Bg7 7.Bb5+ c6 8.Ba4 O-O
9.Ne2 a5 10.Bb3 b5 11.a4 Ra7 12.O-O Na6 13.Be3 Rd7 14.Qc1 b4 15.Rd1 bxc3
16.e5 c2 17.Qxc2 Nb4 18.Qc5 Ba6 19.Ng3 Kh8 20.Ne4 Bd3 21.f3 Bxe4 22.fxe4 e6
23.Rf1 Re8 24.Rad1 Kg8 25.Qc3 Bf8 26.Bc4 Qa8 27.Bg5 Qa7 28.Kh1 Be7 29.Bf6 Rc8
30.Qh3 Rxd4 31.Rxd4 Qxd4 32.Bxe6 Re8 33.Bxf7+ Kxf7  1-0

[Event "FRA-chT"]
[Site "?"]
[Date "1992.??.??"]
[Round "?"]
[White "Touzane, Olivier"]
[Black "Kouatly, Bachar"]
[Result "0-1"]
[WhiteElo "2280"]
[BlackElo "2515"]

1.d4 Nf6 2.c4 g6 3.Nc3 d5 4.cxd5 Nxd5 5.e4 Nxc3 6.bxc3 Bg7 7.Nf3 c5 8.Rb1 O-O
9.Be2 Bg4 10.O-O cxd4 11.cxd4 Bxf3 12.gxf3 Nc6 13.d5 Nd4 14.Rxb7 Qc8 15.Rb4 Qxc1
16.Rxd4 Qg5+ 17.Kh1 Be5 18.Rg1 Qf4 19.Rg3 Bxd4 20.Qxd4 Rfc8 21.Ba6 Rc2 22.Bb7 Rb8  0-1

[Event "Gausdal Int"]
[Site "Gausdal"]
[Date "1992.??.??"]
[Round "1"]
[White "Dannevig, Oystein"]
[Black "Svidler, Peter"]
[Result "0-1"]
[WhiteElo "2290"]
[BlackElo "2455"]

1.d4 Nf6 2.c4 g6 3.Nc3 d5 4.cxd5 Nxd5 5.e4 Nxc3 6.bxc3 Bg7 7.Nf3 c5 8.Rb1 O-O
9.Be2 Nc6 10.d5 Ne5 11.Nxe5 Bxe5 12.Qd2 e6 13.f4 Bc7 14.O-O exd5 15.exd5 Ba5
16.Rb3 a6 17.Qd1 Bd7 18.Ra3 c4 19.Bxc4 Rc8 20.Bd3 Bxc3 21.Kh1 Bb4 22.f5 Qh4
23.Bb1 Bxa3 24.Bxa3 Bb5 25.g3 Qg5 26.Rf4 Rfe8 27.Be4 Rc4 28.Qf3 Qh5 29.g4 Qh4
30.fxg6 hxg6 31.Kg2 Qe1  0-1

[Event "Gausdal Int"]
[Site "Gausdal"]
[Date "1992.??.??"]
[Round "9"]
[White "Chachere, Lawrence"]
[Black "Ostenstad, Berge"]
[Result "0-1"]
[WhiteElo "2240"]
[BlackElo "2450"]

1.d4 Nf6 2.c4 g6 3.Nc3 d5 4.cxd5 Nxd5 5.e4 Nxc3 6.bxc3 Bg7 7.Be3 c5 8.Qd2 Qa5
9.Rc1 cxd4 10.cxd4 Qxd2+ 11.Kxd2 O-O 12.Nf3 Nc6 13.d5 Rd8 14.Ke1 Na5 15.Bd3 b6
16.Ke2 e6 17.Bg5 f6 18.Bd2 exd5 19.exd5 Bb7 20.Bxa5 bxa5 21.Rc5 Rxd5 22.Rxd5 Bxd5
23.a4 Re8+ 24.Kd2 Bf8 25.Rb1 Bb4+ 26.Kd1 Kg7 27.h3 f5 28.Rb2 Kf6 29.Bb5 Re7
30.Bd3 Re6 31.Be2 a6 32.g4 Bc3 33.Rb1 Bc6 34.g5+ Ke7 35.Ng1 Bxa4+ 36.Kc1 Bb4
37.Kb2 Rc6 38.Bd3 Rc3 39.Re1+ Kd6 40.Re3 Bb5  0-1

[Event "Peer Gynt"]
[Site "Gausdal"]
[Date "1992.??.??"]
[Round "9"]
[White "Barkhagen, Jonas"]
[Black "Rowley, Robert"]
[Result "1-0"]
[WhiteElo "2405"]
[BlackElo "2380"]

1.d4 Nf6 2.c4 g6 3.Nc3 d5 4.cxd5 Nxd5 5.e4 Nxc3 6.bxc3 Bg7 7.Bc4 c5 8.Ne2 cxd4
9.cxd4 Nc6 10.Be3 b5 11.Bd5 Bd7 12.e5 Rc8 13.O-O O-O 14.Bf3 Nb4 15.Qd2 Nc2
16.Rac1 Nxe3 17.Qxe3 Rxc1 18.Rxc1 Qb6 19.Qe4 Bh6 20.Rd1 Bf5 21.Qh4 g5 22.Qg3 Qg6
23.Nc3 Bc2 24.Re1 Qd3 25.Nd5 Qd2 26.Rf1 Qxd4 27.Nxe7+ Kh8 28.Nc6 Qa4 29.Bd5 Be4
30.Bb3 Qa6 31.Nd4 Qb6 32.Qe3 Bb7 33.Qd3 a6 34.e6 fxe6 35.Nxe6 Rf7 36.Nxg5 Rc7
37.Qd8+ Kg7 38.Qxc7+  1-0

[Event "Oberliga Nord N9192"]
[Site "Germany"]
[Date "1992.??.??"]
[Round "?"]
[White "Jaster, Robert"]
[Black "Mach, Holger"]
[Result "1-0"]
[WhiteElo "2205"]
[BlackElo "2250"]

1.d4 Nf6 2.c4 g6 3.Nc3 d5 4.cxd5 Nxd5 5.e4 Nxc3 6.bxc3 Bg7 7.Nf3 c5 8.Rb1 O-O
9.Be2 Bg4 10.O-O Bxf3 11.Bxf3 cxd4 12.cxd4 Bxd4 13.Rxb7 Nc6 14.Qa4 Qd6 15.Rb5 Be5
16.Rd5 Qf6 17.Be3 Rfd8 18.Rfd1 Rdc8 19.Rc5 Rc7 20.Rdc1 Rac8 21.Bg4 Bd6 22.Bg5 Qb2
23.R5c2 Qb4 24.Qxb4 Nxb4 25.Rxc7 Rxc7 26.Rxc7 Bxc7 27.a3 Nc6 28.Bd7 Ne5 29.Bb5 f6
30.Bd2 Bb6 31.h3 Nf7 32.Bc4 Kg7 33.Kf1 Nd6 34.Bd3 Kf7 35.Ke2 Bd4 36.f4 e6
37.Bb4 Nb7 38.Bc4 Nc5 39.f5 Ke7 40.Bxe6 a5 41.Bxa5 Nxe6 42.fxe6 Kxe6 43.Kd3 Ba7
44.a4 Bb8 45.Bc3 f5 46.a5  1-0

[Event "Oberliga Nord N9192"]
[Site "Germany"]
[Date "1992.??.??"]
[Round "?"]
[White "Nogly, Christoph"]
[Black "Mach, Holger"]
[Result "0-1"]
[WhiteElo "2255"]
[BlackElo "2250"]

1.d4 Nf6 2.c4 g6 3.Nc3 d5 4.cxd5 Nxd5 5.e4 Nxc3 6.bxc3 Bg7 7.Bc4 O-O 8.Ne2 Nc6
9.O-O b6 10.Bg5 Bb7 11.Qd2 Na5 12.Bd3 c5 13.Bh6 e6 14.Rad1 Rc8 15.Qf4 cxd4
16.cxd4 Nc4 17.Bxg7 Kxg7 18.e5 h6 19.Be4 Ba6 20.Rfe1 Qg5 21.Qxg5 hxg5 22.Bf3 Rfd8
23.Ng3 Na3 24.Rd2 Nc4 25.Rdd1 Bb5 26.Ne4 Ba4 27.Rd3 Nxe5 28.Ra3 Nxf3+ 29.gxf3 Rxd4
30.Nxg5 a5 31.Kg2 Bc6 32.Kg3 Bd5 33.Rb1 Rc6 34.Rb2 f6 35.Ne4 g5 36.Re3 f5  0-1

[Event "Bundesliga 9192"]
[Site "Germany"]
[Date "1992.??.??"]
[Round "?"]
[White "Werner, Dimo"]
[Black "Roese, Oliver"]
[Result "1/2-1/2"]
[WhiteElo "2395"]
[BlackElo "2375"]

1.d4 Nf6 2.c4 g6 3.Nc3 d5 4.cxd5 Nxd5 5.e4 Nxc3 6.bxc3 Bg7 7.Be3 c5 8.Qd2 Qa5
9.Rc1 cxd4 10.cxd4 Qxd2+ 11.Kxd2 O-O 12.Nf3 e6 13.Bc4 Nc6 14.Ke2 Bd7 15.Rhd1 Rac8
16.d5 exd5 17.Bxd5 h6 18.Rd2 Rfd8 19.Rcd1 Be8 20.Bc5 Bf8 21.Bxf8 Kxf8 22.Ke3 Ke7
23.h4 b6 24.g4 Nb4 25.Bc4 Nc2+ 26.Ke2 Rxd2+ 27.Nxd2 b5 28.Bd3 Bd7 29.f3 a5
30.Nf1 b4 31.Rd2 Nd4+ 32.Ke3 Nb5 33.Rc2 Rxc2 34.Bxc2 Nc3 35.Bb3 a4 36.Bc4 Nxa2
37.Bxa2 b3 38.Bxb3 axb3 39.Kd2 Ke6 40.Kc3 Kd6 41.f4 Bxg4 42.Kxb3 Bf3 43.Nd2 Be2
44.Kc3 Kc5 45.Nb3+  1/2-1/2

[Event "Bundesliga 9192"]
[Site "Germany"]
[Date "1992.??.??"]
[Round "?"]
[White "Lazarev, Vladimir"]
[Black "Gruenberg, Rainer"]
[Result "1/2-1/2"]
[WhiteElo "2445"]
[BlackElo "2350"]

1.d4 Nf6 2.c4 g6 3.Nc3 d5 4.cxd5 Nxd5 5.e4 Nxc3 6.bxc3 Bg7 7.Bc4 O-O 8.Ne2 Nc6
9.h4 e5 10.Be3 exd4 11.cxd4 Qe7  1/2-1/2

[Event "Bundesliga 9192"]
[Site "Germany"]
[Date "1992.??.??"]
[Round "?"]
[White "Knaak, Rainer"]
[Black "Schwarz, Michael"]
[Result "1/2-1/2"]
[WhiteElo "2535"]
[BlackElo "2315"]

1.d4 Nf6 2.c4 g6 3.Nc3 d5 4.cxd5 Nxd5 5.e4 Nxc3 6.bxc3 Bg7 7.Bc4 c5 8.Ne2 O-O
9.Be3 Nc6 10.Rc1 cxd4 11.cxd4 Qa5+ 12.Kf1 Bd7 13.h4 Rfc8 14.h5 e5 15.hxg6 hxg6
16.d5 Nd4 17.Nxd4 exd4 18.Bxd4 Rxc4 19.Rxc4 Qa6 20.Qc1 Rc8 21.Bxg7 Rxc4 22.Rh8+ Kxg7
23.Qh6+ Kf6 24.Qf4+ Kg7 25.Qh6+  1/2-1/2

[Event "BL9192 (Women)"]
[Site "Germany"]
[Date "1992.??.??"]
[Round "?"]
[White "Winter, Irene"]
[Black "Seils, Gundula"]
[Result "0-1"]
[WhiteElo "2025"]
[BlackElo "2050"]

1.d4 Nf6 2.c4 g6 3.Nc3 d5 4.cxd5 Nxd5 5.e4 Nxc3 6.bxc3 Bg7 7.Bc4 c5 8.Ne2 O-O
9.O-O Nc6 10.Be3 cxd4 11.cxd4 Na5 12.Bd3 e6 13.Qd2 b6 14.Rac1 Bb7 15.Rfd1 Qe7
16.Nc3 Rac8 17.Ne2 Rc6 18.Rxc6 Nxc6 19.Bb5 a6 20.Bxc6 Bxc6 21.Nc3 b5 22.d5 exd5
23.exd5 Rd8 24.Bd4 Bxd4 25.Qxd4 b4 26.Ne4 Rxd5  0-1

[Event "BL9192 (Women)"]
[Site "Germany"]
[Date "1992.??.??"]
[Round "?"]
[White "Janssen, Lieselotte"]
[Black "Seils, Gundula"]
[Result "1/2-1/2"]
[WhiteElo "2140"]
[BlackElo "2050"]

1.d4 Nf6 2.c4 g6 3.Nc3 d5 4.cxd5 Nxd5 5.e4 Nxc3 6.bxc3 Bg7 7.Bb2 c5 8.Bb5+ Bd7
9.Bxd7+ Nxd7 10.Nf3 O-O 11.O-O e6 12.Qe2 Qc7 13.a4 Rfd8 14.Rfd1 Rac8 15.d5 exd5
16.exd5 Nb6 17.Qe4 Re8 18.Qd3 Rcd8 19.d6 Qc6 20.a5 Nd7 21.Qd5 Qxd5 22.Rxd5 Nf6
23.Rxc5 Ne4 24.Rc7 Nxd6 25.Rd1 Nb5 26.Rcd7 Rxd7 27.Rxd7 Nxc3 28.Bxc3 Bxc3
29.Rxb7 Bxa5 30.Rxa7 Bb6 31.Ra2  1/2-1/2

[Event "BL2-W9192"]
[Site "Germany"]
[Date "1992.??.??"]
[Round "?"]
[White "Hoffmann, Michael"]
[Black "Holzke, Frank"]
[Result "0-1"]
[WhiteElo "2455"]
[BlackElo "2395"]

1.d4 Nf6 2.c4 g6 3.Nc3 d5 4.cxd5 Nxd5 5.e4 Nxc3 6.bxc3 Bg7 7.Be3 c5 8.Qd2 Qa5
9.Rb1 a6 10.Rc1 cxd4 11.cxd4 Qxd2+ 12.Kxd2 O-O 13.d5 f5 14.Nf3 fxe4 15.Ng5 Bf5
16.Bc4 Kh8 17.Bb3 h6 18.h4 Be5 19.f4 Bd6 20.Ne6 Bxe6 21.dxe6 Nc6 22.g3 Na5
23.h5 Nxb3+ 24.axb3 g5 25.fxg5 hxg5 26.Bxg5 Rf3 27.Bf4 Rg8 28.Bxd6 Rd3+ 29.Ke2 Rxd6
30.Rc7 Rxe6 31.h6 Kh7 32.Rxb7 Rxg3 33.Rf1 Kxh6 34.Rf7 Rg7 35.Rf1 Rg2+ 36.Ke3 Rg3+
37.Ke2 e3 38.Rh1+ Kg6 39.Rb8 Rg2+ 40.Kf3 Rf2+ 41.Kg3 Kg7 42.Rb4 Rg6+ 43.Rg4 Rf5
44.Re1 Rxg4+ 45.Kxg4 Re5  0-1

[Event "BL2-S9192"]
[Site "Germany"]
[Date "1992.??.??"]
[Round "?"]
[White "Stromer, Alexander"]
[Black "Zuse, Klaus Peter"]
[Result "0-1"]
[WhiteElo "2255"]
[BlackElo "2255"]

1.d4 Nf6 2.c4 g6 3.Nc3 d5 4.cxd5 Nxd5 5.e4 Nxc3 6.bxc3 Bg7 7.Nf3 c5 8.Be2 O-O
9.O-O b6 10.Bg5 Bb7 11.Qd3 Ba6 12.Qe3 Bxe2 13.Qxe2 cxd4 14.cxd4 Nc6 15.Rad1 Rc8
16.d5 Ne5 17.Nxe5 Bxe5 18.d6 f6 19.Bh6 Rf7 20.f4 Bxd6 21.e5 fxe5 22.fxe5 Bc5+
23.Kh1 Rxf1+ 24.Qxf1 Qe8 25.e6 g5 26.Qd3 Bd6 27.Rf1 Qh5 28.Qh3 Qg6 29.a4 Be5
30.g3 g4  0-1

[Event "BL2-S9192"]
[Site "Germany"]
[Date "1992.??.??"]
[Round "?"]
[White "Lorscheid, Gerhard"]
[Black "Oberst, Thomas"]
[Result "1/2-1/2"]
[WhiteElo "2335"]
[BlackElo "2265"]

1.d4 Nf6 2.c4 g6 3.Nc3 d5 4.cxd5 Nxd5 5.e4 Nxc3 6.bxc3 Bg7 7.Bb5+ c6 8.Ba4 O-O
9.Ne2 b5 10.Bb3 Bb7 11.Be3 e6 12.h4 c5 13.f3 Nc6 14.d5 exd5 15.Bxc5 dxe4
16.Bxf8 Qxf8 17.Qd7 Na5 18.fxe4 Nxb3 19.axb3 Bxe4 20.O-O b4 21.Rae1 bxc3
22.Nxc3 Rd8 23.Qc7 Rc8 24.Rxf7 Rxc7 25.Rxf8+ Kxf8 26.Nxe4 Rb7 27.Nd6 Bd4+
28.Kf1 Rxb3 29.Re8+ Kg7 30.Re7+ Kf6 31.Rxh7 a5 32.h5 gxh5 33.Rxh5 a4 34.Ra5 a3
35.Ne4+ Kg7 36.Nd2 Rd3 37.Ke2 Rg3 38.Nc4 Rxg2+ 39.Kd3 Bb2 40.Nxb2 axb2 41.Rb5 Kf6
42.Kc3  1/2-1/2

[Event "BL2-S9192"]
[Site "Germany"]
[Date "1992.??.??"]
[Round "?"]
[White "Gabriel, Christian"]
[Black "Roos, Daniel"]
[Result "1-0"]
[WhiteElo "2360"]
[BlackElo "2390"]

1.d4 Nf6 2.c4 g6 3.Nc3 d5 4.cxd5 Nxd5 5.e4 Nxc3 6.bxc3 Bg7 7.Nf3 c5 8.Bb5+ Nd7
9.O-O O-O 10.Qe2 a6 11.Bc4 b5 12.Bd5 Ra7 13.a4 bxa4 14.Bc6 cxd4 15.cxd4 Nb6
16.Ba3 Rc7 17.Rac1 Bd7 18.Bxd7 Qxd7 19.Rxc7 Qxc7 20.Rc1 Qd7 21.Bc5 Nc8 22.e5 a5
23.Qa6 Bh6 24.Ra1 f6 25.Qc4+ Kh8 26.Qxa4 Qd5 27.Qa2 Qc6 28.Qxa5 fxe5 29.Nxe5 Qb7
30.Qa2 Nd6 31.Re1 Ne4 32.Nf7+ Kg7 33.Nxh6 Kxh6 34.Qe6 Qb2 35.Qh3+ Kg7 36.Qe3 Rf7
37.f3 Nxc5 38.dxc5 Qb5 39.Qe5+ Kg8 40.Rd1 Qa5 41.Rd7  1-0

[Event "BL2-O9192"]
[Site "Germany"]
[Date "1992.??.??"]
[Round "?"]
[White "Schmidt, Peter"]
[Black "Pribyl, Josef"]
[Result "1/2-1/2"]
[WhiteElo "2405"]
[BlackElo "2415"]

1.d4 Nf6 2.c4 g6 3.Nc3 d5 4.cxd5 Nxd5 5.e4 Nxc3 6.bxc3 Bg7 7.Nf3 c5 8.Rb1 O-O
9.Be2 b6 10.O-O Bb7 11.Qd3 Ba6 12.Qe3 cxd4 13.cxd4 Bxe2 14.Qxe2 Qd7 15.Ba3 Re8
16.Rfc1 e6 17.Rc3 Rc8 18.Rxc8+ Qxc8 19.Rc1 Qb7 20.h4 Nd7 21.e5 Bh6 22.Rc3 Rc8
23.Rxc8+ Qxc8 24.d5 exd5 25.e6 Nc5 26.Bxc5 bxc5 27.e7 Qe8 28.Qe5 c4 29.Qd6 f6
30.Nd4 Kg7 31.Qd8 Kf7 32.Qxd5+ Kxe7 33.Qxc4 Qd7 34.g3 Bf8 35.a4 Ke8 36.Nb5 Be7
37.Nc7+ Kf8 38.Ne6+ Ke8 39.Nf4 Bd6 40.Qg8+ Bf8 41.Qb3 Bd6 42.Ne6 Ke7 43.Ng7 Kf8
44.Ne6+ Ke7 45.Ng7 Kf8 46.Ne6+  1/2-1/2

[Event "BL2-O9192"]
[Site "Germany"]
[Date "1992.??.??"]
[Round "?"]
[White "Klebel, Martin"]
[Black "Pribyl, Josef"]
[Result "1/2-1/2"]
[WhiteElo "2435"]
[BlackElo "2415"]

1.d4 Nf6 2.c4 g6 3.Nc3 d5 4.cxd5 Nxd5 5.e4 Nxc3 6.bxc3 Bg7 7.Bc4 Qd7 8.Qf3 e6
9.Ne2 c5 10.Be3 b5 11.Bd3 Bb7 12.O-O O-O 13.Qh3 b4 14.Rfd1 bxc3 15.dxc5 Qa4
16.Rdc1 Qa5 17.Bh6 Nd7 18.Bxg7 Kxg7 19.c6 Bxc6 20.Rxc3 Rac8  1/2-1/2

[Event "BL2-N9192"]
[Site "Germany"]
[Date "1992.??.??"]
[Round "?"]
[White "Baumbach, Friedrich"]
[Black "Lang, Jens"]
[Result "0-1"]
[WhiteElo "2330"]
[BlackElo "2310"]

1.d4 Nf6 2.c4 g6 3.Nc3 d5 4.cxd5 Nxd5 5.e4 Nxc3 6.bxc3 Bg7 7.Bc4 c5 8.Ne2 O-O
9.O-O Nc6 10.Be3 Qc7 11.Rc1 Rd8 12.Bf4 Qd7 13.d5 Na5 14.Bd3 e5 15.Bg5 f6
16.Be3 b6 17.f4 Bh6 18.Qd2 Qe7 19.Rf2 Nb7 20.Rcf1 Rf8 21.Kh1 Nd6 22.fxe5 Bxe3
23.exd6 Qxe4 24.Bxe4 Bxd2 25.Rxf6 Ba6 26.d7 Rxf6 27.Rxf6 Rd8 28.Bf3 Rxd7
29.Bg4 Kg7 30.Rc6 Rxd5 31.Rc7+ Kf6 32.h4 Re5 33.Ng1 Re7 34.Rc6+ Kg7 35.Nf3 Bxc3
36.Ng5 Bc4 37.a4 h6 38.Nf3 Bd5 39.Rd6 Bxf3 40.Bxf3 Re1+  0-1

[Event "Hessen-ch"]
[Site "Germany"]
[Date "1992.??.??"]
[Round "9"]
[White "Alber, Horst"]
[Black "Roeschlau, Bernd"]
[Result "1-0"]
[WhiteElo "2335"]
[BlackElo "2310"]

1.d4 Nf6 2.c4 g6 3.Nc3 d5 4.cxd5 Nxd5 5.e4 Nxc3 6.bxc3 Bg7 7.Nf3 c5 8.Bb5+ Nd7
9.O-O Qc7 10.Bg5 a6 11.Ba4 O-O 12.Bxe7 Re8 13.Bh4 Rxe4 14.Qd3 Re8 15.Rae1 Rxe1
16.Rxe1 b5 17.Bg3 Qb7 18.Bd1 c4 19.Re8+ Nf8 20.Qe3 Be6 21.Rxa8 Qxa8 22.Be5 f6
23.Bd6 Bf7 24.Nd2 Qe8 25.Bf3 Nd7 26.Qxe8+ Bxe8 27.Bd5+ Bf7 28.Bb7 Nb6 29.Bxa6 Be8
30.Kf1 Bc6 31.Ke1 f5 32.Nb1 Na4 33.g3 Kf7 34.Kd2 Ke6 35.Bb4 f4 36.Na3 Bh6
37.Ke2 Nb2 38.Bxb5 f3+ 39.Kf1 Be4 40.Kg1 Kd5 41.Ba6  1-0